| 000 | 00514nam a22001937a 4500 | ||
|---|---|---|---|
| 001 | 00028657 | ||
| 005 | 20260326162559.0 | ||
| 008 | 260326b ag ||||| |||| 00| 0 spa d | ||
| 020 | _a0582434440 | ||
| 040 |
_beng _cAR-CcCEOS |
||
| 080 | _a820-3(417) | ||
| 090 | _bSHA | ||
| 100 | 1 |
_aShaw, Bernard, _d1856-1950 _9979 |
|
| 245 |
_aThe Devil“s Disciple / _cBernard Shaw |
||
| 260 |
_aLondon : _bPearson Education, _c2001. |
||
| 300 |
_a105 p. ; _c24x15 cm. |
||
| 650 | 0 | _aliteratura inglesa | |
| 942 |
_2udc _cBK |
||
| 999 |
_c28690 _d28690 |
||
| 945 |
_a66467 _bMelina Rolando _c66467 _dMelina Rolando |
||